Raavan: (Record no. 175693)

MARC details
000 -LEADER
fixed length control field 00658nam a22002057a 4500
005 - DATE AND TIME OF LATEST TRANSACTION
control field 20200915151058.0
010 ## - LCCN (DPL NO)
LC control number B-732632
020 ## - INTERNATIONAL STANDARD BOOK NUMBER
International Standard Book Number 9789388754088
Terms of availability 399.00
035 ## - SYSTEM CONTROL NUMBER
System control number B-732632
037 ## - SOURCE OF ACQUISITION
Source of stock number/acquisition Westland Publications
082 ## - DEWEY DECIMAL CLASSIFICATION NUMBER
Classification number N
100 ## - MAIN ENTRY--PERSONAL NAME
Personal name Amish
245 ## - TITLE STATEMENT
Title Raavan:
Remainder of title enemy of Aryavarta /
Statement of responsibility, etc by Amish
260 ## - PUBLICATION, DISTRIBUTION, ETC. (IMPRINT)
Place of publication, distribution, etc Chennai
Name of publisher, distributor, etc Westland Publications
Date of publication, distribution, etc 2019
270 ## - ADDRESS
Address 1st Floor, A Block, East Wing, Plot No. 40, SP Infocity, Perungudi
City Chennai
Postal code 600096
300 ## - PHYSICAL DESCRIPTION
Extent 374p.
Dimensions 20cm(pbk)
490 ## - SERIES STATEMENT
Series statement Ram Chandra Series Book 3
942 ## - ADDED ENTRY ELEMENTS (KOHA)
Source of classification or shelving scheme Dewey Decimal Classification
Item type English Books
Call number suffix AMI
Classification part N
Holdings
Withdrawn status Lost status Not for loan Collection code Home library Current library Date acquired Source of acquisition Cost, normal purchase price Full call number Barcode Copy number Cost, replacement price Koha item type
      Fiction Central Library Central Library 15/09/2020 Gift/Eng/27.02.2020 399.00 N AMI B-732632 1 399.00 English Books

© Delhi Public Library
Hit Counter
free hit counter